000 nam a22 4500
999 _c233031
_d233031
003 Nust
005 20170228102126.0
008 170228b xxu||||| |||| 00| 0 eng d
040 _cDLC
082 _a634.095491 MIR
245 _aFruits and Vegetables of Pakistan/
_cMirza, Javed I.
260 _aLahore :
_bFerozsons,
300 _a66p. :
_c27 cm
942 _2ddc
_cBK